000 00766nam a2200229Ii 4500
003 JO-AjNU
008 230605s9999||||xx |||||||||||||| ||und||
017 _a2002/18339
020 _a977-322-098-2
040 _aJO-AjNU
_bara
_erda
_cJO-AjNU
041 _aara
050 1 4 _aPS135.T2D37 2003
100 3 _aدرويش ،هدى ,
_eauthor
_916727
245 0 0 _aحقيقة يهود الدونمة في تركيا وثائق جديدة
250 _aط1
264 3 1 _aالقاهرة :عين للدراسات والبحوث الانسانية والاجتماعية ،2003
300 _a381ص
336 _atext
_btxt
_2rdacontent
337 _aunmediated
_bn
_2rdamedia
338 _avolume
_bnc
_2rdacarrier
650 4 _aاليهود-تركيا-تاريخ
_916728
999 _aA5022
_c8590
_d8590